000 00731nam a22002292 4500
001 0000004212
005 20151217145759.0
008 070521s xx 000 0 eng d
020 _a0871509571 :
040 _aKABU
_cKABU
050 0 _aQA372
_b.P69
100 1 _aPowers, David L.
_@0000154657
245 1 0 _aElementary differential equations with linear algebra /
_cDavid L. Powers.
260 _aBoston :
_bPrindle, Weber & Schmidt,
_cc1986.
300 _ax, 573 p. ;
_c25 cm.
504 _aIncludes bibliographical references and index.
650 0 _aDifferential equations.
_@0000154646
650 0 _aAlgebras, Linear.
_@0000154658
908 _a070521
950 _@1
999 _c2536
_d2536